000 00357nam a2200145Ia 4500
008 191201s2010 xx 000 0 und d
082 _a621.38456
_bLEM
100 _aLEE, William C.Y
245 0 _aMobile Cellular Telecommunications
250 _aRep
260 _aN.Delhi
_bMcGraw Hill
_c2010
300 _a664
650 _aM.Tech (ECE)
942 _2ddc
_cBK
999 _c5048
_d5048